=LDR 00000nam 2200000 4500 =001 INLIS000000000006702 =005 20130612094818 =008 ***********************************Ind** =035 ##$$0010-061300000006702 =041 ##$$a Ind =082 ##$$a 005.369 =090 ##$$a 005.369, Reb p =100 ##$$a Reber, Susan L =245 ##$$a Panduan belajar word perfect 6.0 for windows, Susan L. Reber =260 ##$$a 1994 $b Jakarta =300 ##$$a xxvi, 307 hlm., Ilus., 23 cm =650 ##$$a Komputer =850 ##$$a NBPNMAT